INFOS 2005 zborník z 33. medzinárodného informatického sympózia, ktoré sa konalo v dňoch 25. - 28. apríla 2005 v Starej Lesnej

Na minha lista:
Detalhes bibliográficos
Corporate Authors: INFOS 2005. Medzinárodné informatické sympózium, Spolok slovenských knihovníkov
Outros Autores: Kopáčiková, Judita
Formato: Livro
Idioma:eslovaco
tcheco
inglês
Publicado em: Bratislava Centrum vedecko-technických informácií SR 2005
Assuntos:
Tags: Adicionar Tag
Sem tags, seja o primeiro a adicionar uma tag!

MARC

LEADER 00000nam$a2200000$$$4500
001 0028953
005 20240104134421.2
020 |a 80-85165-91-0 
041 0 |a slo 
041 0 |a cze 
041 0 |a eng 
044 |a SK 
245 1 0 |a INFOS 2005  |b zborník z 33. medzinárodného informatického sympózia, ktoré sa konalo v dňoch 25. - 28. apríla 2005 v Starej Lesnej  |c zostavila: Judita Kopáčiková 
264 1 |a Bratislava  |b Centrum vedecko-technických informácií SR  |c 2005 
300 |a 212 s. 
610 2 0 |a knihoveda 
610 2 0 |a knihovníctvo 
610 2 0 |a vzdelávanie dištančné 
610 2 0 |a informácie 
610 2 0 |a internet 
610 2 0 |a dotazníky 
610 2 0 |a využitie počítačov 
610 2 0 |a bibliografia 
610 2 0 |a projekty 
610 2 0 |a servery 
610 2 0 |a periodiká 
610 2 0 |a digitalizácia 
610 2 0 |a dokumenty elektronické 
610 2 0 |a časopisy 
610 2 0 |a komunikácia 
700 1 |a Kopáčiková, Judita 
110 2 |a INFOS 2005. Medzinárodné informatické sympózium 
710 2 |a Spolok slovenských knihovníkov